Un ladrón debajo de la cama / (Registro nro. 12128)

Detalles MARC
000 -LIDER
fixed length control field 01036nam a22003017a 4500
001 - NÚMERO DE CONTROL
Identificador de número de control 000755
003 - IDENTIFICACDOR DE NÚMERO DE CONTROL
control field DO-SdBPM
005 - DATE AND TIME OF LATEST TRANSACTION
control field 20250617115051.0
007 - CAMPOS FIJOS DE DESCRIPCIÓN FÍSICA
fixed length control field 000755
008 - ELEMENTOS DE LONGITUD FIJA
fixed length control field 161128b 1992 sp a ||||| |||| 00| 0 spa d
020 ## - ISBN
International Standard Book Number 843483779X
040 ## - FUENTE DE CATALOGACIÓN
Agencia que crea de manera original el registro BPMSU
Idioma de catalogación spa
Agencia que realiza la transcripción BPMSU
082 #4 - NÚMERO DE CLASIFICACIÓN DECIMAL DE DEWEY
Classification number 839.313
Item number V982u
Edition number 22
100 1# - ASIENTO PRINCIPAL -- NOMBRE PERSONAL
Nombre personal Vries, Anke de,
Fechas asociadas con el nombre 1936-
245 10 - MENCIÓN DE TITULO
Título Un ladrón debajo de la cama /
Mención de responsabilidad Anke de Vries ; traducción del holandés, Lorenzo Arroyo ; ilustraciones, Olga Pérez Alonso.
260 ## - PUBLICACIÓN, DISTRIBUCIÓN, ETC. (PIE DE IMPRENTA)
Lugar de publicación, distribución, etc Madrid :
Nombre del editor, distribuidor, etc. SM.
Fecha de publicación, distribución, etc 1992.
300 ## - DESCRIPCIÓN FÍSICA
Extensión 71 p. :
Otros detalles físicos il. ;
Dimensiones 19 cm.
490 0# - MENCIÓN DE SERIES
Mención de serie El barco de vapor;
-- Serie azul
Volume/sequential designation 46
500 ## - NOTA GENERAL
Nota general "A partir de 7 años"
500 ## - NOTA GENERAL
Nota general Incluye datos del autor en la solapa de la contracubierta.
590 ## - NOTA LOCAL
Texto de la nota local Inventariado, 2025/VM
650 #4 - ENCABEZAMIENTO DE MATERIA--TEMÁTICO
Término temático o nombre geográfico como elemento de entrada Cuentos infantiles holandeses
650 #4 - ENCABEZAMIENTO DE MATERIA--TEMÁTICO
Término temático o nombre geográfico como elemento de entrada Ladrones
Subdivisión de forma Cuentos infantiles
700 1# - ASIENTO SECUNDARIO -- NOMBRE PERSONAL
Nombre personal Arroyo, Lorenzo,
Mención de responsabilidad traductora
700 1# - ASIENTO SECUNDARIO -- NOMBRE PERSONAL
Nombre personal Pérez Alonso, Olga,
Mención de responsabilidad ilustraciones
910 ## - VALIDACIÓN
Validación VMateo V. Control de calidad. BPMSU
942 ## - ADDED ENTRY ELEMENTS (KOHA)
Source of classification or shelving scheme Dewey Decimal Classification
Koha item type Libros
Existencias
Withdrawn status Lost status Source of classification or shelving scheme Damaged status Not for loan Collection code Home library Current library Date acquired Source of acquisition Total Checkouts Full call number Barcode Date last seen Price effective from Koha item type
    Dewey Decimal Classification     Colección Infantil General Biblioteca Pública Metropolitana Salomé Ureña Biblioteca Pública Metropolitana Salomé Ureña 11/28/2016 Cuesta centro del libro   BPMSU CGI 839.313 V982u 1992 BPMSU16111588 11/28/2016 11/28/2016 Libros